Terrorism, asymmetric warfare, and weapons of mass destruction : (Record no. 15520)

000 -LEADER
fixed length control field 01108cam a22003134a 4500
001 - CONTROL NUMBER
control field 12441787
005 - DATE AND TIME OF LATEST TRANSACTION
control field 20170105102920.0
008 - FIXED-LENGTH DATA ELEMENTS--GENERAL INFORMATION
fixed length control field 010614s2002 ctu b 000 0 eng
010 ## - LIBRARY OF CONGRESS CONTROL NUMBER
LC control number 2001036313
020 ## - INTERNATIONAL STANDARD BOOK NUMBER
International Standard Book Number 0275974278 (alk. paper)
040 ## - CATALOGING SOURCE
Original cataloging agency DLC
Transcribing agency DLC
Modifying agency DLC
042 ## - AUTHENTICATION CODE
Authentication code pcc
043 ## - GEOGRAPHIC AREA CODE
Geographic area code n-us---
050 00 - LIBRARY OF CONGRESS CALL NUMBER
Classification number UA23
Item number .C67 2002
082 00 - DEWEY DECIMAL CLASSIFICATION NUMBER
Classification number 355/.033073
Edition number 21
100 1# - MAIN ENTRY--PERSONAL NAME
Personal name Cordesman, Anthony H.
245 10 - TITLE STATEMENT
Title Terrorism, asymmetric warfare, and weapons of mass destruction :
Remainder of title defending the U.S. homeland /
Statement of responsibility, etc. by Anthony H. Cordesman.
260 ## - PUBLICATION, DISTRIBUTION, ETC.
Place of publication, distribution, etc. Westport, Conn. :
Name of publisher, distributor, etc. Praeger,
Date of publication, distribution, etc. c2002.
300 ## - PHYSICAL DESCRIPTION
Extent x, 448 p. ;
Dimensions 24 cm.
504 ## - BIBLIOGRAPHY, ETC. NOTE
Bibliography, etc. note Includes bibliographical references.
650 #0 - SUBJECT ADDED ENTRY--TOPICAL TERM
Topical term or geographic name entry element Terrorism
Geographic subdivision United States
General subdivision Prevention.
650 #0 - SUBJECT ADDED ENTRY--TOPICAL TERM
Topical term or geographic name entry element Asymmetric warfare
Geographic subdivision United States.
650 #0 - SUBJECT ADDED ENTRY--TOPICAL TERM
Topical term or geographic name entry element Weapons of mass destruction.
651 #0 - SUBJECT ADDED ENTRY--GEOGRAPHIC NAME
Geographic name United States
General subdivision Defenses.
651 #0 - SUBJECT ADDED ENTRY--GEOGRAPHIC NAME
Geographic name United States
General subdivision Military policy.
906 ## - LOCAL DATA ELEMENT F, LDF (RLIN)
a 7
b cbc
c orignew
d 1
e ocip
f 20
g y-gencatlg
942 ## - ADDED ENTRY ELEMENTS (KOHA)
Source of classification or shelving scheme
Koha item type Book
Holdings
Withdrawn status Lost status Damaged status Not for loan Collection code Permanent Location Current Location Shelving location Date acquired Total Checkouts Full call number Barcode Date last seen Price effective from Koha item type
          Centre for International Peace & Stability (CIPS) Centre for International Peace & Stability (CIPS) General Stacks 10/02/2013   355.033073 COR 2002 CIPS0002356 12/03/2013 12/03/2013 Book
© 2023 Central Library, National University of Sciences and Technology. All Rights Reserved.